000 01362nam0a22003011 4500
001 RU\NLR\INFOCOMM_195\5000071019
005 20260406110634.0
035 _a(NLR Aleph) 009374882
090 _a7945650
_c7945650
100 _a20101228d1987 |||y0rusy50 ca
101 0 _ager
102 _aRU
105 _ay ||||000|y
200 1 _aMichail Gorbatschow empfing George Shultz, 14. April 1987
_aMichail Gorbatschow sprach mit einer Delegation des Repräsentantenhauses des USA-Kongresses, 15. April 1987
210 _aM.
_cAPN-Verl.
_d1987
215 _a15 с.
_d19 см
300 _aНа послед. с.: Прием М. С. Горбачевым Джорджа Шульца 14 апреля 1987 года. Беседа М. С. Горбачева с делегацией Палаты представителей Конгресса США 15 апреля 1987 года
686 _aФ61(2)273-419, 011.1
_2rubbk
686 _aТ3(2)73-64(7США)
_2rubbk
686 _aТ3(7США)63-64(2)
_2rubbk
702 1 _4570
_8rus
_7ba
_aGorbačev
_bM. S.
_cгос. деятель
_f1931-2022
_gMichail Sergeevič
_3RU\NLR\AUTH\77110387
_993312
702 1 _aShultz
_bG. P.
_f1920-
_gGeorge Pratt
_4570
790 1 _9z01702
_aGorbatschow
_bM.
_gMichail
_4245
801 1 _aRU
_bNLR
_c20101228
801 0 _aRU
_bNLR
_gPSBO
852 _aNLR
_jИр51 Д-4/588
942 _cBOOK
980 _aNB